Gestión integral del humedal de bahía Samborombón (Registro nro. 22757)
[ vista simple ]
| 000 -LEADER | |
|---|---|
| fixed length control field | 00326 a2200109 4500 |
| 001 - CONTROL NUMBER | |
| control field | ART_6446 |
| 005 - DATE AND TIME OF LATEST TRANSACTION | |
| control field | 20260410161826.0 |
| 008 - FIXED-LENGTH DATA ELEMENTS--GENERAL INFORMATION | |
| fixed length control field | 260409a |
| 100 1# - MAIN ENTRY--PERSONAL NAME | |
| Personal name | Bertoni, Marcela |
| 245 10 - TITLE STATEMENT | |
| Title | Gestión integral del humedal de bahía Samborombón |
| 773 0# - HOST ITEM ENTRY | |
| Title | FACES |
| Related parts | - Año 8, Nº 14 (may./ago. 2002) |
| Record control number | REV5046 |
No hay ítems disponibles.